00990nam a2200253 i 4500003000900000005001700009007000300026008004100029040003000070082001300100245007100113246007300184264005500257300002600312336002700338337003400365338002800399590002700427700004700454910001400501942001400515952019000529999001700719DO-SdBNP20240305073656.0ta110413s1994 dr 000 0 spa d aDO-SdBNPbspacBNPHUerda bP95322200aPrimer seminario sobre género y vejez /ccompilador Margot Tapia00aPrimer seminario sobre género y vejezben República Dominicana / 1aSanto Domingo :bCentro de apoyo Aquelarre,c1994. a48 páginas c28 cm. 2rdacontentatextobtxt 2rdamediaasin mediación bn 2rdacarrieravolumenbnc aInventariado, 2023/ YL1 aSilié, Rubén,d1946-ecompilador91421 aYLockward 2ddccLBS1 00102ddc51708PDaBNPHUbBNPHUcCTd2014-12-01eBarbara Suncarl0oBNPHU F-PD P953p2023-6591r2023-10-02w2023-10-02yLBS1zPerteneció a la biblioteca personal de Bárbara Suncar c55036d55036